Catálogo
 En Linea

La vida de Santa Teresa de Jesús / (Registro nro. 33903)

Detalles MARC
000 -CABECERA
campo de control de longitud fija 00617nam a2200205 a 4500
001 - NÚMERO DE CONTROL
campo de control 000034412
005 - FECHA Y HORA DE LA ÚLTIMA TRANSACCIÓN
campo de control 20200930073703.0
008 - DATOS DE LONGITUD FIJA--INFORMACIÓN GENERAL
campo de control de longitud fija 111004s2001 sp 000 0 spa d
020 ## - NÚMERO INTERNACIONAL ESTÁNDAR DEL LIBRO
Número Internacional Estándar del Libro 847118298X
040 ## - FUENTE DE LA CATALOGACIÓN
Centro catalogador/agencia de origen DO-SdBNP
Lengua de catalogación spa
Centro/agencia transcriptor BNPHU
082 ## - NÚMERO DE LA CLASIFICACIÓN DECIMAL DEWEY
Número de clasificación xxxx
Número de documento/Ítem A898v
049 ## - FONDOS LOCALES (OCLC)
Fondos de biblioteca BNPD
100 1# - ENTRADA PRINCIPAL--NOMBRE DE PERSONA
Nombre de persona Auclair, Marcelle,
Fechas asociadas al nombre 1899-
9 (RLIN) 59834
245 13 - MENCIÓN DE TÍTULO
Título La vida de Santa Teresa de Jesús /
Mención de responsabilidad, etc. Marcelle Auclair ; traducción Jeaquín Esteban Perruca.
250 ## - MENCIÓN DE EDICIÓN
Mención de edición 13a ed.
260 ## - PUBLICACIÓN, DISTRIBUCIÓN, ETC.
Lugar de publicación, distribución, etc. Madrid :
Nombre del editor, distribuidor, etc. Arcaduz,
Fecha de publicación, distribución, etc. 2001.
300 ## - DESCRIPCIÓN FÍSICA
Extensión 513 p. ;
Dimensiones 22cm.
490 1# - MENCIÓN DE SERIE
Mención de serie Arcaduz
Designación de volumen o secuencia no 15
700 1# - PUNTO DE ACCESO ADICIONAL--NOMBRE DE PERSONA
Nombre de persona Esteban Perruca, Jeaquín,
Término indicativo de función/relación trad.
9 (RLIN) 59835
Existencias
Estado de retiro Estado de pérdida Restricciones de uso No para préstamo Código de colección Localización permanente Ubicación/localización actual Ubicación en estantería Fecha de adquisición Número de inventario Total de préstamos Signatura topográfica completa Código de barras Fecha visto por última vez Precio válido a partir de Tipo de ítem Koha
      Excluido de préstamo Monografías: Libros y Folletos General General En catalogación 04.10.2011 LF1   xxxx A898v 34412-10 25.06.2020 25.06.2020 No se presta
        Monografías: Libros y Folletos General General Orden iniciada 04.10.2011 LF1   xxxx A898v 34413-10 25.06.2020 25.06.2020 No se presta

Con tecnología Koha